• 首页
  • 本馆介绍
  • 公告通知
  • 最新文献
  • 馆藏检索
  • 电子资源
  • 读者导购
  • 参考咨询
  • 我的图书馆
  • 登录
  • 详细信息显示
  • 放入我的书架
  • 预约/预借图书
  • 作者相关作品
  • 分类相关作品
  • 丛书相关作品
  • 出版社相关作品

书目信息

  • 表格格式
  • 工作单格式
  • 卡片格式
题名:
西安事变资料
    
 
作者: ;中国社会科学院现代史研究室 编
分册: 第二辑  
出版信息: 北京   人民出版社  1980
页数: 313页
开本: 19cm
丛书名: 中国现代革命史资料丛刊
单 册:
中图分类: K264.806 , K264.8
科图分类:
主题词: 西安事变(1936)--史料
电子资源:
ISBN:
000 00830nam2 2200277 45
001 0180000576
005 20060724172730.10
010    @dCNY0.87
091    @a11001.424
100    @a19950313d1980 em y0chiy0121 ea
101 0  @achi
102    @aCN@b110000
105    @ay z 000yy
106    @ar
200 10 @a西安事变资料@h第二辑@Axi an shi bian zi liao@f中国社会科学院现代史研究室编
210    @a北京@c人民出版社@d1980
215    @a313页@d19cm
225 2  @a中国现代革命史资料丛刊
410  0 @120010@a中国现代革命史资料丛刊
606    @a西安事变(1936)@x史料
690    @aK264.806@v3
690    @aK264.8@v3
711 02 @a中国社会科学院现代史研究室@Azhong guo she hui ke xue yuan xian dai shiyan jiu shi@4编
801  0 @aCN@b上海图书馆@c20060724
801  2 @aCN@bNLC@c20031225
905    @dK264.8@e8:2@f3@b56445-447
    
    西安事变资料.第二辑/中国社会科学院现代史研究室编.-北京:人民出版社,1980
    313页;19cm.-(中国现代革命史资料丛刊)
    
    
    ISBN :CNY0.87
    
●
相关链接 在E读中查询图书 在五车中查询图书 在当当中查询图书 在豆瓣中查询图书


正题名:西安事变资料     索取号:K264.8/8:2         预约/预借

序号 登录号 条形码 馆藏地/架位号 状态 备注
1 0056444   001854327   密集书库/ [索取号:K264.8/8:2] 在馆    
2 0056445   000353281   第二借阅区/ [索取号:K264.8/8:2] 在馆    
3 0056446   000353263   第二借阅区/ [索取号:K264.8/8:2] 在馆    
4 0056447   000353272   第二样本阅览室/ [索取号:K264.8/8:2] 在馆    
5 0056448   001616013   密集书库/ [索取号:K264.8/8:2] 在馆    
唐山师范学院图书馆 欢迎您!
大连网信软件有限公司© 版权所有